<?xml version="1.0" encoding="UTF-8"?>
<record
    xmlns:xsi="http://www.w3.org/2001/XMLSchema-instance"
    xsi:schemaLocation="http://www.loc.gov/MARC21/slim http://www.loc.gov/standards/marcxml/schema/MARC21slim.xsd"
    xmlns="http://www.loc.gov/MARC21/slim">

  <leader>03264nam0a2200373   4500</leader>
  <controlfield tag="001">RU\NLR\BIBL_A\016250931</controlfield>
  <controlfield tag="005">20230428144815.0</controlfield>
  <datafield tag="010" ind1=" " ind2=" ">
    <subfield code="a">978-5-389-21009-7</subfield>
    <subfield code="9">7000</subfield>
  </datafield>
  <datafield tag="021" ind1=" " ind2=" ">
    <subfield code="a">RU</subfield>
    <subfield code="b">&#x41A;&#x41D;-&#x41F;-22-086992</subfield>
    <subfield code="9">&#x41A;&#x41D;-&#x41F;-22-7704</subfield>
  </datafield>
  <datafield tag="035" ind1=" " ind2=" ">
    <subfield code="a">(NLR Aleph) 016250931</subfield>
  </datafield>
  <datafield tag="035" ind1=" " ind2=" ">
    <subfield code="a">(RuMoRGB)011449208</subfield>
  </datafield>
  <datafield tag="090" ind1=" " ind2=" ">
    <subfield code="a">12827157</subfield>
    <subfield code="c">12827157</subfield>
  </datafield>
  <datafield tag="100" ind1=" " ind2=" ">
    <subfield code="a">20221228d2022    u  y0rusy50      ca</subfield>
  </datafield>
  <datafield tag="101" ind1="1" ind2=" ">
    <subfield code="a">rus</subfield>
    <subfield code="c">eng</subfield>
  </datafield>
  <datafield tag="102" ind1=" " ind2=" ">
    <subfield code="a">RU</subfield>
  </datafield>
  <datafield tag="105" ind1=" " ind2=" ">
    <subfield code="a">y   z   000ay</subfield>
  </datafield>
  <datafield tag="181" ind1=" " ind2="0">
    <subfield code="a">i4</subfield>
    <subfield code="b">axxe  </subfield>
  </datafield>
  <datafield tag="182" ind1=" " ind2="0">
    <subfield code="a">n</subfield>
  </datafield>
  <datafield tag="200" ind1="1" ind2=" ">
    <subfield code="a">&#x423;&#x440;&#x43E;&#x43A;&#x438; &#x445;&#x438;&#x43C;&#x438;&#x438;</subfield>
    <subfield code="e">&#x440;&#x43E;&#x43C;&#x430;&#x43D;</subfield>
    <subfield code="f">&#x411;&#x43E;&#x43D;&#x43D;&#x438; &#x413;&#x430;&#x440;&#x43C;&#x443;&#x441;</subfield>
    <subfield code="g">&#x43F;&#x435;&#x440;&#x435;&#x432;&#x43E;&#x434; &#x441; &#x430;&#x43D;&#x433;&#x43B;&#x438;&#x439;&#x441;&#x43A;&#x43E;&#x433;&#x43E; &#x415;&#x43B;&#x435;&#x43D;&#x44B; &#x41F;&#x435;&#x442;&#x440;&#x43E;&#x432;&#x43E;&#x439;</subfield>
  </datafield>
  <datafield tag="203" ind1=" " ind2=" ">
    <subfield code="a">&#x422;&#x435;&#x43A;&#x441;&#x442;</subfield>
    <subfield code="b">&#x432;&#x438;&#x437;&#x443;&#x430;&#x43B;&#x44C;&#x43D;&#x44B;&#x439;</subfield>
    <subfield code="c">&#x43D;&#x435;&#x43F;&#x43E;&#x441;&#x440;&#x435;&#x434;&#x441;&#x442;&#x432;&#x435;&#x43D;&#x43D;&#x44B;&#x439;</subfield>
  </datafield>
  <datafield tag="210" ind1=" " ind2=" ">
    <subfield code="a">&#x421;&#x430;&#x43D;&#x43A;&#x442;-&#x41F;&#x435;&#x442;&#x435;&#x440;&#x431;&#x443;&#x440;&#x433;</subfield>
    <subfield code="c">&#x410;&#x437;&#x431;&#x443;&#x43A;&#x430;</subfield>
    <subfield code="c">&#x410;&#x437;&#x431;&#x443;&#x43A;&#x430;-&#x410;&#x442;&#x442;&#x438;&#x43A;&#x443;&#x441;</subfield>
    <subfield code="d">2022 (&#x43C;&#x430;&#x43A;&#x435;&#x442; 2023)</subfield>
  </datafield>
  <datafield tag="215" ind1=" " ind2=" ">
    <subfield code="a">509, [1] &#x441;.</subfield>
    <subfield code="d">21</subfield>
  </datafield>
  <datafield tag="225" ind1="1" ind2=" ">
    <subfield code="a">&#x410;&#x437;&#x431;&#x443;&#x43A;&#x430;-&#x431;&#x435;&#x441;&#x442;&#x441;&#x435;&#x43B;&#x43B;&#x435;&#x440;</subfield>
  </datafield>
  <datafield tag="225" ind1="1" ind2=" ">
    <subfield code="a">&#x41C;&#x435;&#x436;&#x434;&#x443;&#x43D;&#x430;&#x440;&#x43E;&#x434;&#x43D;&#x44B;&#x439; &#x431;&#x435;&#x441;&#x442;&#x441;&#x435;&#x43B;&#x43B;&#x435;&#x440; &#x2116; 1</subfield>
  </datafield>
  <datafield tag="330" ind1=" " ind2=" ">
    <subfield code="a">&#x412;&#x441;&#x435; &#x431;&#x43E;&#x44F;&#x442;&#x441;&#x44F; &#x42D;&#x43B;&#x438;&#x437;&#x430;&#x431;&#x435;&#x442; &#x417;&#x43E;&#x442;&#x442;. &#x41A;&#x442;&#x43E;-&#x442;&#x43E; - &#x435;&#x435; &#x443;&#x43C;&#x430;, &#x43A;&#x442;&#x43E;-&#x442;&#x43E; - &#x43E;&#x441;&#x442;&#x440;&#x43E; &#x437;&#x430;&#x442;&#x43E;&#x447;&#x435;&#x43D;&#x43D;&#x43E;&#x433;&#x43E; &#x43A;&#x430;&#x440;&#x430;&#x43D;&#x434;&#x430;&#x448;&#x430;, &#x43A;&#x43E;&#x442;&#x43E;&#x440;&#x44B;&#x439; &#x43E;&#x43D;&#x430; &#x43D;&#x43E;&#x441;&#x438;&#x442; &#x432; &#x43F;&#x440;&#x438;&#x447;&#x435;&#x441;&#x43A;&#x435;, &#x430; &#x43A;&#x442;&#x43E;-&#x442;&#x43E; - &#x447;&#x435;&#x442;&#x44B;&#x440;&#x43D;&#x430;&#x434;&#x446;&#x430;&#x442;&#x438;&#x434;&#x44E;&#x439;&#x43C;&#x43E;&#x432;&#x43E;&#x433;&#x43E; &#x43D;&#x43E;&#x436;&#x430; &#x438;&#x437; &#x435;&#x435; &#x441;&#x443;&#x43C;&#x43E;&#x447;&#x43A;&#x438; (&#x432;&#x435;&#x434;&#x44C; &#x43A;&#x430;&#x436;&#x434;&#x44B;&#x439; &#x443;&#x432;&#x430;&#x436;&#x430;&#x44E;&#x449;&#x438;&#x439; &#x441;&#x435;&#x431;&#x44F; &#x43A;&#x443;&#x43B;&#x438;&#x43D;&#x430;&#x440; &#x43F;&#x43E;&#x43B;&#x44C;&#x437;&#x443;&#x435;&#x442;&#x441;&#x44F; &#x442;&#x43E;&#x43B;&#x44C;&#x43A;&#x43E; &#x441;&#x432;&#x43E;&#x438;&#x43C;&#x438; &#x441;&#x43E;&#x431;&#x441;&#x442;&#x432;&#x435;&#x43D;&#x43D;&#x44B;&#x43C;&#x438; &#x43D;&#x43E;&#x436;&#x430;&#x43C;&#x438;). &#x41F;&#x440;&#x438;&#x447;&#x443;&#x434;&#x43B;&#x438;&#x432;&#x44B;&#x439; &#x437;&#x438;&#x433;&#x437;&#x430;&#x433; &#x441;&#x443;&#x434;&#x44C;&#x431;&#x44B; &#x43F;&#x440;&#x438;&#x432;&#x435;&#x43B; &#x435;&#x435; &#x438;&#x437; &#x41D;&#x430;&#x443;&#x447;&#x43D;&#x43E;-&#x438;&#x441;&#x441;&#x43B;&#x435;&#x434;&#x43E;&#x432;&#x430;&#x442;&#x435;&#x43B;&#x44C;&#x441;&#x43A;&#x43E;&#x433;&#x43E; &#x438;&#x43D;&#x441;&#x442;&#x438;&#x442;&#x443;&#x442;&#x430; &#x413;&#x430;&#x441;&#x442;&#x438;&#x43D;&#x433;&#x441;&#x430;, &#x433;&#x434;&#x435; &#x43E;&#x43D;&#x430; &#x43C;&#x435;&#x447;&#x442;&#x430;&#x43B;&#x430; &#x437;&#x430;&#x43D;&#x438;&#x43C;&#x430;&#x442;&#x44C;&#x441;&#x44F; &#x430;&#x431;&#x438;&#x43E;&#x433;&#x435;&#x43D;&#x435;&#x437;&#x43E;&#x43C; (&#x442;&#x435;&#x43E;&#x440;&#x438;&#x435;&#x439; &#x432;&#x43E;&#x437;&#x43D;&#x438;&#x43A;&#x43D;&#x43E;&#x432;&#x435;&#x43D;&#x438;&#x44F; &#x436;&#x438;&#x437;&#x43D;&#x438; &#x438;&#x437; &#x43D;&#x435;&#x43E;&#x440;&#x433;&#x430;&#x43D;&#x438;&#x447;&#x435;&#x441;&#x43A;&#x438;&#x445; &#x432;&#x435;&#x449;&#x435;&#x441;&#x442;&#x432;), &#x43D;&#x430; &#x442;&#x435;&#x43B;&#x435;&#x432;&#x438;&#x434;&#x435;&#x43D;&#x438;&#x435;, &#x433;&#x434;&#x435; &#x43E;&#x43D;&#x430; &#x432;&#x435;&#x434;&#x435;&#x442; &#x441;&#x430;&#x43C;&#x443;&#x44E; &#x43F;&#x43E;&#x43F;&#x443;&#x43B;&#x44F;&#x440;&#x43D;&#x443;&#x44E; &#x432; &#x441;&#x442;&#x440;&#x430;&#x43D;&#x435; &#x43A;&#x443;&#x43B;&#x438;&#x43D;&#x430;&#x440;&#x43D;&#x443;&#x44E; &#x43F;&#x435;&#x440;&#x435;&#x434;&#x430;&#x447;&#x443; "&#x423;&#x436;&#x438;&#x43D; &#x432; &#x448;&#x435;&#x441;&#x442;&#x44C;". "&#x41A;&#x443;&#x43B;&#x438;&#x43D;&#x430;&#x440;&#x438;&#x44F; - &#x44D;&#x442;&#x43E; &#x445;&#x438;&#x43C;&#x438;&#x44F;, - &#x433;&#x43E;&#x432;&#x43E;&#x440;&#x438;&#x442; &#x43E;&#x43D;&#x430;. - &#x410; &#x445;&#x438;&#x43C;&#x438;&#x44F; - &#x44D;&#x442;&#x43E; &#x436;&#x438;&#x437;&#x43D;&#x44C;. &#x41E;&#x43D;&#x430; &#x434;&#x430;&#x435;&#x442; &#x43D;&#x430;&#x43C; &#x432;&#x43E;&#x437;&#x43C;&#x43E;&#x436;&#x43D;&#x43E;&#x441;&#x442;&#x44C; &#x438;&#x437;&#x43C;&#x435;&#x43D;&#x438;&#x442;&#x44C; &#x432;&#x441;&#x435;, &#x432;&#x43A;&#x43B;&#x44E;&#x447;&#x430;&#x44F; &#x441;&#x435;&#x431;&#x44F;". &#x422;&#x435;&#x43C; &#x432;&#x440;&#x435;&#x43C;&#x435;&#x43D;&#x435;&#x43C; &#x435;&#x435; &#x43F;&#x44F;&#x442;&#x438;&#x43B;&#x435;&#x442;&#x43D;&#x44F;&#x44F; &#x434;&#x43E;&#x447;&#x44C; &#x41C;&#x430;&#x434;&#x43B;&#x435;&#x43D;, &#x440;&#x430;&#x441;&#x442;&#x443;&#x449;&#x430;&#x44F; &#x43F;&#x43E;&#x434; &#x43F;&#x440;&#x438;&#x441;&#x43C;&#x43E;&#x442;&#x440;&#x43E;&#x43C; &#x43C;&#x438;&#x43D;&#x43D;&#x43E;-&#x440;&#x43E;&#x437;&#x44B;&#x441;&#x43A;&#x43D;&#x43E;&#x433;&#x43E; &#x43F;&#x441;&#x430; &#x43F;&#x43E; &#x43A;&#x43B;&#x438;&#x447;&#x43A;&#x435; &#x428;&#x435;&#x441;&#x442;&#x44C;-&#x422;&#x440;&#x438;&#x434;&#x446;&#x430;&#x442;&#x44C;, &#x43F;&#x44B;&#x442;&#x430;&#x435;&#x442;&#x441;&#x44F; &#x43D;&#x430;&#x439;&#x442;&#x438; &#x432; &#x448;&#x43A;&#x43E;&#x43B;&#x44C;&#x43D;&#x43E;&#x439; &#x431;&#x438;&#x431;&#x43B;&#x438;&#x43E;&#x442;&#x435;&#x43A;&#x435; &#x41D;&#x430;&#x431;&#x43E;&#x43A;&#x43E;&#x432;&#x430; &#x438; &#x41D;&#x43E;&#x440;&#x43C;&#x430;&#x43D;&#x430; &#x41C;&#x435;&#x439;&#x43B;&#x435;&#x440;&#x430;, &#x430; &#x442;&#x430;&#x43A;&#x436;&#x435; &#x432;&#x44B;&#x441;&#x442;&#x440;&#x43E;&#x438;&#x442;&#x44C; &#x440;&#x43E;&#x434;&#x43E;&#x441;&#x43B;&#x43E;&#x432;&#x43D;&#x43E;&#x435; &#x434;&#x440;&#x435;&#x432;&#x43E;, &#x43D;&#x430; &#x43A;&#x43E;&#x442;&#x43E;&#x440;&#x43E;&#x43C; &#x434;&#x43E;&#x43B;&#x436;&#x43D;&#x43E; &#x43D;&#x430;&#x439;&#x442;&#x438;&#x441;&#x44C; &#x43C;&#x435;&#x441;&#x442;&#x43E; &#x438; &#x431;&#x435;&#x437; &#x43F;&#x44F;&#x442;&#x438; &#x43C;&#x438;&#x43D;&#x443;&#x442; &#x43D;&#x43E;&#x431;&#x435;&#x43B;&#x435;&#x432;&#x441;&#x43A;&#x43E;&#x43C;&#x443; &#x43B;&#x430;&#x443;&#x440;&#x435;&#x430;&#x442;&#x443; &#x43F;&#x43E; &#x445;&#x438;&#x43C;&#x438;&#x438; &#x41A;&#x430;&#x43B;&#x44C;&#x432;&#x438;&#x43D;&#x443; &#x42D;&#x432;&#x430;&#x43D;&#x441;&#x443;, &#x438; &#x444;&#x435;&#x435;-&#x43A;&#x440;&#x435;&#x441;&#x442;&#x43D;&#x43E;&#x439;, &#x438; &#x434;&#x435;&#x434;&#x443; &#x432; &#x43F;&#x43E;&#x43B;&#x43E;&#x441;&#x430;&#x442;&#x43E;&#x439; &#x442;&#x44E;&#x440;&#x435;&#x43C;&#x43D;&#x43E;&#x439; &#x440;&#x43E;&#x431;&#x435;, &#x438; &#x431;&#x430;&#x431;&#x43A;&#x435;, &#x443;&#x43A;&#x440;&#x44B;&#x432;&#x448;&#x435;&#x439;&#x441;&#x44F; &#x43E;&#x442; &#x43D;&#x430;&#x43B;&#x43E;&#x433;&#x43E;&#x432;&#x43E;&#x439; &#x43F;&#x43E;&#x43B;&#x438;&#x446;&#x438;&#x438; &#x432; &#x411;&#x440;&#x430;&#x437;&#x438;&#x43B;&#x438;&#x438;... &#x412;&#x43F;&#x435;&#x440;&#x432;&#x44B;&#x435; &#x43D;&#x430; &#x440;&#x443;&#x441;&#x441;&#x43A;&#x43E;&#x43C;!</subfield>
  </datafield>
  <datafield tag="333" ind1=" " ind2=" ">
    <subfield code="a">16+</subfield>
  </datafield>
  <datafield tag="675" ind1=" " ind2=" ">
    <subfield code="a">821.111(73)-31</subfield>
    <subfield code="v">4</subfield>
  </datafield>
  <datafield tag="686" ind1="1" ind2=" ">
    <subfield code="a">&#x428;6(7&#x421;&#x428;&#x410;)67-440.4{&#x41B;&#x445;1979-50}</subfield>
  </datafield>
  <datafield tag="700" ind1=" " ind2="1">
    <subfield code="a">&#x413;&#x430;&#x440;&#x43C;&#x443;&#x441;</subfield>
    <subfield code="b">&#x411;.</subfield>
    <subfield code="g">&#x411;&#x43E;&#x43D;&#x43D;&#x438;</subfield>
    <subfield code="3">RU\NLR\AUTH\770255575</subfield>
  </datafield>
  <datafield tag="942" ind1=" " ind2=" ">
    <subfield code="c">BOOK</subfield>
  </datafield>
  <datafield tag="980" ind1=" " ind2=" ">
    <subfield code="a">NB</subfield>
  </datafield>
  <datafield tag="995" ind1=" " ind2=" ">
    <subfield code="5">2022-12-28</subfield>
    <subfield code="a">ad</subfield>
    <subfield code="b">NLR01</subfield>
    <subfield code="c">NLR01</subfield>
    <subfield code="e">RF81</subfield>
    <subfield code="f">1-3900392</subfield>
    <subfield code="k">2022-3/36905</subfield>
    <subfield code="o">0</subfield>
    <subfield code="r">BOOK</subfield>
    <subfield code="s">2022336905_</subfield>
  </datafield>
  <datafield tag="995" ind1=" " ind2=" ">
    <subfield code="5">2022-12-28</subfield>
    <subfield code="a">ad</subfield>
    <subfield code="b">NLR01</subfield>
    <subfield code="c">NLR01</subfield>
    <subfield code="e">RF81</subfield>
    <subfield code="f">1-3900393</subfield>
    <subfield code="k">2022-3/36905</subfield>
    <subfield code="o">0</subfield>
    <subfield code="r">BOOK</subfield>
    <subfield code="s">2022336905_</subfield>
  </datafield>
</record>
